| 000 | 00692nam a22002057a 4500 | ||
|---|---|---|---|
| 999 |
_c20232 _d20232 |
||
| 003 | AR-CdUCM | ||
| 008 | 190528b ||||| |||| 00| 0 spa d | ||
| 040 |
_aMUNICIPALIDAD PROVINCIAL DEL CUSCO _cBIBLIOTECA MUNICIPAL DEL CUSCO |
||
| 082 |
_a621.381 / _bJ67 |
||
| 100 |
_aJohannsen, Lawrence A. _942295 |
||
| 245 | _aElectrónica básica : | ||
| 260 |
_aMéxico D. F : _bDiana, _c1972. |
||
| 300 |
_a303 páginas ; _bIlustraciones, diagramas, _c26 cm. |
||
| 500 | _aManuales delmar de electricidad y electrónica | ||
| 650 |
_aElectrónica _920355 |
||
| 650 |
_aManuales de laboratorio _922558 |
||
| 700 |
_aJournigan, Russell P. _942296 |
||
| 942 |
_2ddc _cLIBROS |
||
| 945 |
_adavv _d2019-05-28 |
||